000
00302nam a22001217a 4500
020
_a
070410844
082
_a
658.5
_b
MAY
100
_a
MAynard, H. B.
245
_a
Industrial Engineering Handbook /
_c
H. B Maynard.
260
_a
New York,
_b
McGraw Hill
_c
1971.
300
_a
Invp. ;
942
_2
ddc
_c
BK
999
_c
594582
_d
594582